US foreign policy after the Cold War :global hegemon or reluctant sheriff ? / (Record no. 5392)
[ view plain ]
| 000 -LEADER | |
|---|---|
| fixed length control field | 01122nac a22002651u 4500 |
| 010 ## - LIBRARY OF CONGRESS CONTROL NUMBER | |
| LC control number | 2002068075 |
| 020 ## - INTERNATIONAL STANDARD BOOK NUMBER | |
| International Standard Book Number | 0415267757 |
| 020 ## - INTERNATIONAL STANDARD BOOK NUMBER | |
| International Standard Book Number | 0415267765 (pbk.) |
| 035 ## - SYSTEM CONTROL NUMBER | |
| System control number | (OCoLC)ocm50040983 |
| 082 00 - DEWEY DECIMAL CLASSIFICATION NUMBER | |
| Classification number | 327.73009045 |
| Item number | CAM. |
| 090 ## - LOCALLY ASSIGNED LC-TYPE CALL NUMBER (OCLC); LOCAL CALL NUMBER (OCLC) | |
| -- | 5392 |
| -- | 5392 |
| 100 ## - MAIN ENTRY--PERSONAL NAME | |
| Personal name | Cameron, Fraser, |
| 245 10 - TITLE STATEMENT | |
| Title | US foreign policy after the Cold War :global hegemon or reluctant sheriff ? / |
| Statement of responsibility, etc | Fraser Cameron. |
| 246 3# - VARYING FORM OF TITLE | |
| Title proper/short title | United States foreign policy after the Cold War |
| 246 3# - VARYING FORM OF TITLE | |
| Title proper/short title | U.S. foreign policy after the Cold War |
| 260 ## - PUBLICATION, DISTRIBUTION, ETC. (IMPRINT) | |
| Place of publication, distribution, etc | London ; |
| -- | New York : |
| Name of publisher, distributor, etc | Routledge,c.2002. |
| Date of publication, distribution, etc | c.2002. |
| 300 ## - PHYSICAL DESCRIPTION | |
| Extent | xviii, 221 p. ; |
| Dimensions | 25 cm. |
| 500 ## - GENERAL NOTE | |
| General note | Distributer :Al Ahram. |
| 504 ## - BIBLIOGRAPHY, ETC. NOTE | |
| Bibliography, etc | Includes bibliographical references (p. 207-215) and index. |
| 511 ## - PARTICIPANT OR PERFORMER NOTE | |
| Participant or performer note | Catalogued By : Mahitab. |
| 651 #0 - SUBJECT ADDED ENTRY--GEOGRAPHIC NAME | |
| Geographic name | United States |
| General subdivision | Foreign relations |
| Chronological subdivision | 1989- |
| 856 42 - ELECTRONIC LOCATION AND ACCESS | |
| Materials specified | Publisher description |
| Uniform Resource Identifier | <a href="http://www.loc.gov/catdir/enhancements/fy0650/2002068075-d.html">http://www.loc.gov/catdir/enhancements/fy0650/2002068075-d.html</a> |
| 942 ## - ADDED ENTRY ELEMENTS (KOHA) | |
| Item type | Book - Borrowing |
| Call number prefix | 327.73009045CAM. |
| Withdrawn status | Item status | Damaged status | Not for loan | Home library | Current library | Shelving location | Date acquired | Source of acquisition | Total Checkouts | Total Renewals | Full call number | Barcode | Date last seen | Date last borrowed | Koha item type |
|---|---|---|---|---|---|---|---|---|---|---|---|---|---|---|---|
| Central Library | Central Library | First floor | 25/10/2007 | Purchase | 18 | 40 | 327.73009045CAM. | 000006736 | 15/07/2025 | 19/10/2019 | Book - Borrowing |